[Event "Polofinale MCR junioru 2024"]
[Site "Hotel Fit Fun, Ryžovište 427, 512 46 Harrachov v Krkonoších"]
[Date "2024.11.10"]
[Round "2"]
[Board "6"]
[White "Šprinar, Michal"]
[Black "Bezdek, Tomáš"]
[Result "1/2-1/2"]
[WhiteElo "1980"]
[BlackElo "2215"]
[PlyCount "0"]
[EventDate "2024.11.09"]
[EventRounds "9"]
[EventCountry "CZE"]

1. e4 c5 2. Nf3 d6 3. d4 cxd4 4. Nxd4 Nf6 5. Nc3 Nc6 6. f3 e5 7. Nb3 Be6 8. Nd5 Be7
9. Be3 O-O 10. Qd2 Rc8 11. O-O-O Re8 12. g4 Bf8 13. h4 Bxd5 14. exd5 Nd4 15. Nxd4
exd4 16. Bg5 h6 17. Bd3 hxg5 18. hxg5 g6 19. Qh2 Bg7 20. gxf6 Qxf6 21. f4 Re3 22.
g5 Qe7 23. Kb1 b5 24. f5 gxf5 25. Qh7+ Kf8 26. Qxf5 Re8 27. a3 Re5 28. Qf4 Qxg5 29.
Qxd4 Rxd5 30. Qxa7 Qe5 31. c3 Qe3 32. Qxe3 Rxe3 33. Kc2 Rg3  1/2-1/2

[Event "Polofinale MCR junioru 2024"]
[Site "Hotel Fit Fun, Ryžovište 427, 512 46 Harrachov v Krkonoších"]
[Date "2024.11.10"]
[Round "2"]
[Board "7"]
[White "Veny, Jaume"]
[Black "Ocelák, Jakub"]
[Result "0-1"]
[WhiteElo "1961"]
[BlackElo "2205"]
[PlyCount "0"]
[EventDate "2024.11.09"]
[EventRounds "9"]
[EventCountry "CZE"]

1. Nf3 Nf6 2. c4 g6 3. Nc3 Bg7 4. g3 b6 5. Bg2 Bb7 6. O-O O-O 7. d4 e6 8. Qc2 d5
9. cxd5 exd5 10. b3 Qe7 11. Rd1 Na6 12. e3 Rfd8 13. Bb2 c5 14. Rac1 Ne4 15. Ba3 f5
16. Qe2 Nc7 17. Nd2 Ba6 18. Qe1 Nxc3 19. Rxc3 Nb5 20. Bb2 Nxc3 21. Bxc3 cxd4 22.
Bxd4 Bxd4 23. exd4 Qxe1+ 24. Rxe1 Kf7 25. Nf3 Kf6 26. Ne5 Rac8  0-1

[Event "Polofinale MCR junioru 2024"]
[Site "Hotel Fit Fun, Ryžovište 427, 512 46 Harrachov v Krkonoších"]
[Date "2024.11.10"]
[Round "2"]
[Board "8"]
[White "Soucek, Jan"]
[Black "Svacina, Tobiáš"]
[Result "1-0"]
[WhiteElo "2188"]
[BlackElo "2030"]
[PlyCount "0"]
[EventDate "2024.11.09"]
[EventRounds "9"]
[EventCountry "CZE"]

1. d4 d5 2. Nf3 Nf6 3. e3 e6 4. Nbd2 b6 5. b3 Bd6 6. Bb2 O-O 7. Bd3 Bb7 8. O-O Ne4
9. c4 f5 10. cxd5 Nxd2 11. Nxd2 Bxd5 12. f4 g5 13. Bc4 Nd7 14. Bxd5 exd5 15. Qf3
c6 16. fxg5 Qxg5 17. Rac1 Nf6 18. Rxc6 Ne4 19. Bc1 Rf6 20. g3 Raf8 21. Qe2 Bxg3 22.
Nxe4 dxe4 23. Rxf6 Bd6+ 24. Kh1 Qxf6 25. Qh5 Kh8 26. Bb2 Bb8 27. Rf2 Bc7 28. Rc2
Bb8 29. Rf2 a6 30. Ba3 Rg8 31. Qxf5 Qg7 32. Qf6 Qxf6 33. Rxf6 Rg6 34. Rf8+ Rg8 35.
Rf6 Rg6 36. Rf5 Kg7 37. Bb2 Rh6 38. d5+ Kg6 39. Rf2 Rh3 40. Bd4  1-0

[Event "Polofinale MCR junioru 2024"]
[Site "Hotel Fit Fun, Ryžovište 427, 512 46 Harrachov v Krkonoších"]
[Date "2024.11.10"]
[Round "2"]
[Board "9"]
[White "Martinkovic, Adam"]
[Black "Jun, Rudolf"]
[Result "0-1"]
[WhiteElo "1859"]
[BlackElo "2186"]
[PlyCount "0"]
[EventDate "2024.11.09"]
[EventRounds "9"]
[EventCountry "CZE"]

1. e4 c5 2. Nf3 e6 3. d4 cxd4 4. Nxd4 d6 5. Nc3 a6 6. Be2 Nf6 7. O-O Be7 8. Be3 O-O
9. Qd2 Qc7 10. f4 b5 11. a3 Bb7 12. Bf3 Nbd7 13. Rae1 Nb6 14. b3 Rac8 15. Nde2 Rfd8
16. Kh1 d5 17. e5 Ne4 18. Bxe4 dxe4 19. Qc1 b4 20. axb4 Bxb4  0-1

[Event "Polofinale MCR junioru 2024"]
[Site "Hotel Fit Fun, Ryžovište 427, 512 46 Harrachov v Krkonoších"]
[Date "2024.11.10"]
[Round "2"]
[Board "10"]
[White "Pokorný, Jirí"]
[Black "Zezula, Jakub"]
[Result "1/2-1/2"]
[WhiteElo "1813"]
[BlackElo "2163"]
[PlyCount "0"]
[EventDate "2024.11.09"]
[EventRounds "9"]
[EventCountry "CZE"]

1. e4 e5 2. Nf3 Nc6 3. d4 exd4 4. Bc4 Nf6 5. e5 d5 6. Bb5 Ne4 7. Nxd4 Bc5 8. Be3
O-O 9. Nxc6 bxc6 10. Bxc5 Nxc5 11. Bxc6 Rb8 12. Qxd5 Qe7 13. O-O Rxb2 14. Qd4 Rxc2
15. Nc3 Ne6 16. Qd3 Rb2 17. Nd5 Qg5 18. Qc3 Re2 19. Rfe1 Rxe1+ 20. Rxe1 Rd8 21. Qc1
Qh4 22. Re4 Qh5 23. f4 Bd7 24. Re1 Kh8 25. Bxd7 Rxd7 26. Qc6 Rd8 27. Nxc7 Nxf4 28.
Qe4 Qg5 29. Kh1 Nd3 30. Qe3 Qe7 31. Rf1 Qxc7 32. e6 fxe6 33. Qxd3 Qe7 34. Qe3 e5
35. h3 e4 36. Re1 Re8 37. Rd1 h6 38. Rd4 Qe5 39. a3 a5 40. Rd1 Kh7 41. Kg1 Rc8 42.
Qd4 Qf5 43. Rf1 Qg6 44. Re1 Re8 45. Re3 Qe6 46. Kh1 Qf5 47. Kg1 Qf4 48. Rc3 Rb8 49.
Qd1 Rb2 50. Qe1 a4 51. Rc4  1/2-1/2

[Event "Polofinale MCR junioru 2024"]
[Site "Hotel Fit Fun, Ryžovište 427, 512 46 Harrachov v Krkonoších"]
[Date "2024.11.10"]
[Round "2"]
[Board "11"]
[White "Václavík, Jan"]
[Black "Vyšínský, Otakar"]
[Result "0-1"]
[WhiteElo "2139"]
[BlackElo "1994"]
[PlyCount "0"]
[EventDate "2024.11.09"]
[EventRounds "9"]
[EventCountry "CZE"]

1. d4 Nf6 2. Nf3 g6 3. Bg5 Bg7 4. Nbd2 O-O 5. e3 d6 6. Bd3 c6 7. c3 Nbd7 8. O-O Qc7
9. a4 e5 10. a5 Nh5 11. Qb3 d5 12. Nxe5 Nxe5 13. dxe5 Qxe5 14. Nf3 Qc7 15. Bh4 Nf6
16. c4 Be6 17. Rfc1 dxc4 18. Bxc4 Bxc4 19. Rxc4 c5 20. Bg3 Qe7 21. Qb5 Ne4 22. Rac1
Rfd8 23. Qb3 Rd7 24. Qc2 Nxg3 25. hxg3 b6 26. axb6 axb6 27. Qb3 Qf6 28. Rb1 h6 29.
Rf4 Qd6 30. Rf1 Qc6 31. Rc1 Qd6 32. Rf1 Ra5 33. Rc1 Rda7 34. Rd1 Qxd1+ 35. Qxd1 Ra1
36. Qxa1 Rxa1+ 37. Kh2 Bxb2 38. Nd2 Bc3 39. Nc4 b5 40. Nb6 Rd1 41. Re4 Kf8 42. g4
Rd8 43. Kg3 Ba5  0-1

[Event "Polofinale MCR junioru 2024"]
[Site "Hotel Fit Fun, Ryžovište 427, 512 46 Harrachov v Krkonoších"]
[Date "2024.11.10"]
[Round "2"]
[Board "12"]
[White "Lang, Šimon"]
[Black "Mrázek, Roman"]
[Result "1-0"]
[WhiteElo "2114"]
[BlackElo "1961"]
[PlyCount "0"]
[EventDate "2024.11.09"]
[EventRounds "9"]
[EventCountry "CZE"]

1. e4 c5 2. Nf3 e6 3. c4 Nc6 4. Be2 g5 5. d3 h6 6. Nc3 Bg7 7. h4 g4 8. Nd2 h5 9.
f3 f5 10. exf5 exf5 11. fxg4 hxg4 12. g3 Nge7 13. Nf1 d5 14. Bg5 Be6 15. Qa4 Qd7
16. Rh2 d4 17. Nb5 O-O 18. Qc2 a6 19. Na3 Ne5 20. h5 Bf6 21. Bf4 N7c6 22. Qd2 Kh7
23. Kf2 Rae8 24. Kg1 Rg8 25. Nc2 Nf7 26. Ne1 Ng5 27. Kg2 Ne5 28. b3 Qc6+ 29. Kg1
Nh3+ 30. Rxh3 gxh3 31. Nh2 Bf7 32. Bf1 Bxh5 33. Bxh3 Bg4 34. Bg2 Qd7 35. Kf2 Re7
36. Nef3 Bxf3 37. Bxf3 Nxf3 38. Nxf3 Kg7 39. Rh1 Kf8 40. Rh6 Bg7 41. Rd6 Qc8 42.
Rd5 Ke8 43. Bg5 Bf8 44. Qf4 Rxg5 45. Qxg5 Qe6 46. Re5 Qd6 47. Qh5+  1-0

[Event "Polofinale MCR junioru 2024"]
[Site "Hotel Fit Fun, Ryžovište 427, 512 46 Harrachov v Krkonoších"]
[Date "2024.11.10"]
[Round "2"]
[Board "13"]
[White "Maršík, Ondrej"]
[Black "Tesar, Jakub"]
[Result "0-1"]
[WhiteElo "1728"]
[BlackElo "2097"]
[PlyCount "0"]
[EventDate "2024.11.09"]
[EventRounds "9"]
[EventCountry "CZE"]

1. e4 c6 2. d4 d5 3. exd5 cxd5 4. c3 Bf5 5. Bd3 Bg6 6. Bxg6 hxg6 7. Nf3 e6 8. Qc2
Bd6 9. Nbd2 Nf6 10. O-O Nbd7 11. Re1 Qc7 12. h3 O-O 13. Ng5 b5 14. Rxe6 Bf4 15. Nxf7
Kxf7 16. Re2 Bxd2 17. Bxd2 Rae8 18. Rae1 Rxe2 19. Rxe2 Re8 20. Rxe8 Nxe8 21. Qd3
Qc6 22. Qf3+ Nef6 23. g4 Kg8 24. Qd3 Ne4 25. Be1 Kf7 26. f3 Nd6 27. b3 Ne8 28. Bg3
a6 29. Kg2 Nb6 30. Qe3 Nd7 31. Bh4 Qd6 32. Qc1 Nf8 33. Bg3 Qf6 34. Qa3 Ne6 35. Be5
Qg5 36. Qxa6 Qd2+ 37. Kg3 Qe1+ 38. Kg2 Qe2+ 39. Kg3 Qf1 40. f4 Qg1+ 41. Kf3 Qf1+
42. Kg3 g5 43. Qb7+ Kf8 44. fxg5 Qe1+ 45. Kg2 Qd2+ 46. Kf1 Qc1+ 47. Kg2 Qc2+ 48.
Kf1 Qb1+ 49. Kg2 Qxa2+ 50. Kg3 Qxb3 51. g6 Qxc3+ 52. Kh4 Qe1+ 53. Kh5 Qf1 54. Kh4
Qf2+ 55. Kh5 Nf6+ 56. Bxf6 Nf4+ 57. Kg5 Nxh3+ 58. Kh5 Nf4+ 59. Kg5 Ne6+ 60. Kh5 Nf4+
61. Kg5 gxf6+ 62. Kxf6 Ne2+ 63. Ke6 Nxd4+ 64. Kd6 Qf6+ 65. Kc5 Qc6+  0-1

[Event "Polofinale MCR junioru 2024"]
[Site "Hotel Fit Fun, Ryžovište 427, 512 46 Harrachov v Krkonoších"]
[Date "2024.11.10"]
[Round "2"]
[Board "14"]
[White "Kubiczek, Michal"]
[Black "Andrle, Filip"]
[Result "0-1"]
[WhiteElo "2093"]
[BlackElo "1958"]
[PlyCount "0"]
[EventDate "2024.11.09"]
[EventRounds "9"]
[EventCountry "CZE"]

1. d4 Nf6 2. c4 e6 3. g3 d5 4. Nf3 dxc4 5. Bg2 Be7 6. O-O O-O 7. Qc2 Bd7 8. Ne5 Nc6
9. Nxc6 Bxc6 10. Bxc6 bxc6 11. Qxc4 Qd5 12. Qa4 c5 13. Rd1 Qf5 14. e3 Ng4 15. f4
cxd4 16. exd4 c5 17. h3 Nf6 18. Kh2 cxd4 19. Rxd4 Bc5 20. Rc4 Rac8 21. Qb3 Rfd8 22.
Bd2 Ne4 23. Be1 Nd6 24. Rc3 Qe4 25. Qd1 Nc4 26. Bd2 Qd4 27. Rxc4 Qxc4 28. Qe1 Qc2
 0-1

[Event "Polofinale MCR junioru 2024"]
[Site "Hotel Fit Fun, Ryžovište 427, 512 46 Harrachov v Krkonoších"]
[Date "2024.11.10"]
[Round "2"]
[Board "15"]
[White "Stocek, Martin"]
[Black "Garabik, Marek"]
[Result "1-0"]
[WhiteElo "2082"]
[BlackElo "1939"]
[PlyCount "0"]
[EventDate "2024.11.09"]
[EventRounds "9"]
[EventCountry "CZE"]

1. d4 e6 2. c4 d5 3. Nc3 Nf6 4. cxd5 Nxd5 5. e4 Nxc3 6. bxc3 c5 7. Nf3 cxd4 8. cxd4
Bb4+ 9. Bd2 Bxd2+ 10. Qxd2 O-O 11. Bc4 Nd7 12. O-O b6 13. Rfe1 Bb7 14. Rad1 Rc8 15.
Bb3 Re8 16. h3 Qf6 17. Ng5 h6 18. Nf3 Qe7 19. Qf4 Qf6 20. Qg4 Nf8 21. Ne5 Red8 22.
f4 Rc3 23. f5 Bc8 24. Rf1 Rxd4 25. Rxd4 Qxe5 26. Rd8 Ba6 27. Rfd1 Rg3 28. Qh4 Rg5
29. fxe6 Qc5+ 30. Qf2 Qa5 31. Rxf8+ Kxf8 32. Qxf7#  1-0

[Event "Polofinale MCR junioru 2024"]
[Site "Hotel Fit Fun, Ryžovište 427, 512 46 Harrachov v Krkonoších"]
[Date "2024.11.10"]
[Round "2"]
[Board "16"]
[White "Jandecka, Miroslav"]
[Black "Mach, Petr"]
[Result "0-1"]
[WhiteElo "1603"]
[BlackElo "2080"]
[PlyCount "0"]
[EventDate "2024.11.09"]
[EventRounds "9"]
[EventCountry "CZE"]

1. e4 d5 2. exd5 Nf6 3. d4 Nxd5 4. Nf3 g6 5. Be2 Bg7 6. O-O O-O 7. c4 Nb6 8. Nc3
Bg4 9. h3 Bxf3 10. Bxf3 c6 11. d5 Nxc4 12. Qb3 Na5 13. Qb4 cxd5 14. Nxd5 Nbc6 15.
Qa3 Nc4 16. Qb3 e6 17. Qxc4 Ne5 18. Qe4 Nxf3+ 19. Qxf3 Qxd5 20. Qxd5 exd5 21. Bf4
Rac8 22. Rfd1 Rc4 23. Bg3 Rfc8 24. Rxd5 Bxb2 25. Rb1 Rc1+ 26. Rxc1 Rxc1+ 27. Kh2
Rc2 28. Rd7 Bf6 29. Rxb7 Rxa2 30. Bf4 h5 31. Kg3 Kg7 32. Be3 a5 33. Ra7 a4 34. Bc5
Rc2 35. Be3 Rc4 36. Bf4 Bb2 37. Bd6 Kf6 38. Ra6 Be5+ 39. Bxe5+ Kxe5 40. Ra7 Kf6 41.
Ra6+ Kg7 42. Kf3 Rc3+ 43. Ke4 a3 44. Kd4 Rc2 45. Rxa3 Rxf2 46. g4 hxg4 47. hxg4 Rf4+
48. Ke3 Rxg4 49. Kf3 Rh4 50. Kg3 Re4 51. Kf3 Re6 52. Ra5 Kf6 53. Kf4 Rb6 54. Rc5
g5+ 55. Kg4 Rb4+ 56. Kg3 Kg6 57. Rc6+ f6 58. Rc5 Re4 59. Ra5 Re5 60. Ra6 Kf5 61.
Ra4 Rb5 62. Ra3 Kg6 63. Ra4 Rb3+  0-1

[Event "Polofinale MCR junioru 2024"]
[Site "Hotel Fit Fun, Ryžovište 427, 512 46 Harrachov v Krkonoších"]
[Date "2024.11.10"]
[Round "2"]
[Board "17"]
[White "Vilímek, Vít"]
[Black "Buchta, Bartolomej"]
[Result "1-0"]
[WhiteElo "2076"]
[BlackElo "1906"]
[PlyCount "0"]
[EventDate "2024.11.09"]
[EventRounds "9"]
[EventCountry "CZE"]

1. e4 c5 2. Nf3 d6 3. d4 cxd4 4. Nxd4 Nf6 5. Nc3 a6 6. f3 e6 7. Be3 b5 8. a3 Bb7
9. Qd2 Be7 10. O-O-O Nc6 11. g4 h6 12. h4 Rc8 13. Rg1 Nd7 14. g5 hxg5 15. hxg5 Nc5
16. g6 f6 17. Kb1 Nxd4 18. Bxd4 d5 19. Qg2 e5 20. Bxc5 Bxc5 21. Rh1 Rxh1 22. Qxh1
d4 23. Qh8+ Bf8 24. Qg8 Qc7 25. Bh3 Rd8 26. Be6 Qe7 27. Nd5 Bxd5 28. exd5 Rb8 29.
f4 b4 30. fxe5 bxa3 31. d6 Qb7 32. d7+ Kd8 33. Qxf8+ Kc7 34. Qxa3  1-0

[Event "Polofinale MCR junioru 2024"]
[Site "Hotel Fit Fun, Ryžovište 427, 512 46 Harrachov v Krkonoších"]
[Date "2024.11.10"]
[Round "2"]
[Board "18"]
[White "Síleš, Jan"]
[Black "Vyslyšel, Petr"]
[Result "0-1"]
[WhiteElo "2062"]
[BlackElo "1875"]
[PlyCount "0"]
[EventDate "2024.11.09"]
[EventRounds "9"]
[EventCountry "CZE"]

1. e4 e5 2. Nf3 Nf6 3. Nc3 Nc6 4. Bb5 Bb4 5. O-O d6 6. Bxc6+ bxc6 7. d3 Bg4 8. h3
Be6 9. Ne2 h6 10. Be3 Ba5 11. c4 Bb6 12. c5 dxc5 13. b3 Qd6 14. Qc2 Rd8 15. Rfd1
O-O 16. Rac1 Nd7 17. Nc3 Qe7 18. Na4 c4 19. bxc4 Bxe3 20. fxe3 f6 21. Nh4 Qa3 22.
Nc3 Rb8 23. Rb1 Rb6 24. Nf3 Rfb8 25. Nd2 Nc5 26. Rxb6 Rxb6 27. Ndb1 Qb2 28. Qxb2
Rxb2 29. d4 exd4 30. exd4 Nb7 31. Rd2 Rb4 32. c5 Bf7 33. Kf2 Bg6 34. g4 Bxe4 35.
Nxe4 Rxb1 36. Ke3 Na5 37. Kd3 Kf7 38. Re2 Nb7 39. Nc3 Rh1 40. Re3 Rh2 41. Kc4 Nd8
42. Ne2 Ne6 43. a3 g6 44. Kd3 f5 45. gxf5 gxf5 46. a4 f4 47. Re5 Rxh3+ 48. Kd2 Rh2
49. Kd3 Kf6 50. Ng1 Rh1 51. Nf3 Ng5 52. Ke2 Ra1 53. Re8 Ra2+  0-1

[Event "Polofinale MCR junioru 2024"]
[Site "Hotel Fit Fun, Ryžovište 427, 512 46 Harrachov v Krkonoších"]
[Date "2024.11.10"]
[Round "2"]
[Board "19"]
[White "Janouš, Marek"]
[Black "Jusko, Jindrich"]
[Result "1-0"]
[WhiteElo "2177"]
[BlackElo "1846"]
[PlyCount "0"]
[EventDate "2024.11.09"]
[EventRounds "9"]
[EventCountry "CZE"]

1. e4 c5 2. Nf3 d6 3. d4 cxd4 4. Nxd4 Nf6 5. Nc3 a6 6. h3 e5 7. Nde2 Nc6 8. g4 b5
9. Bg2 Be7 10. O-O h5 11. g5 Nd7 12. Nd5 Nc5 13. Ng3 g6 14. h4 Bg4 15. f3 Be6 16.
f4 Bg4 17. Qe1 Nd4 18. Qf2 O-O 19. b4 exf4 20. bxc5  1-0

[Event "Polofinale MCR junioru 2024"]
[Site "Hotel Fit Fun, Ryžovište 427, 512 46 Harrachov v Krkonoších"]
[Date "2024.11.10"]
[Round "2"]
[Board "20"]
[White "Sadil, Antonín"]
[Black "Šetina, Václav"]
[Result "0-1"]
[WhiteElo "1873"]
[BlackElo "2128"]
[PlyCount "0"]
[EventDate "2024.11.09"]
[EventRounds "9"]
[EventCountry "CZE"]

1. e4 c5 2. Nc3 g6 3. g3 Bg7 4. Bg2 Nc6 5. d3 Rb8 6. Be3 d6 7. Qd2 b5 8. Nf3 b4 9.
Nd1 e6 10. O-O Nge7 11. Bh6 O-O 12. h4 e5 13. Bxg7 Kxg7 14. Nh2 d5 15. exd5 Nxd5
16. Ne3 Be6 17. Bxd5 Bxd5 18. Nxd5 Qxd5 19. Ng4 Qe6 20. Qg5 f5 21. Qh6+ Kg8 22. Nh2
Rbe8 23. Nf3 Qd7 24. h5 Qg7 25. Qxg7+ Kxg7 26. hxg6 hxg6 27. a3 b3 28. cxb3 Na5 29.
Rac1 Nxb3 30. Rc3 Nd4 31. Nxd4 cxd4 32. Rc5 Re7 33. Re1 Rfe8 34. Rd5 Kf6 35. Kg2
Rc8 36. Re2 Re6 37. Rd7 a6 38. Rd5 Rc1 39. Rd8 Rd1 40. f4 exf4 41. Rf8+ Ke7 42. Rxe6+
Kxe6 43. gxf4 Rxd3 44. Rg8 Rd2+ 45. Kf1 Rxb2 46. Rxg6+ Kd5 47. Rxa6 Ke4 48. Rd6 Ra2
49. Ke1 Rxa3 50. Ke2 Ra2+ 51. Kd1 Kd3 52. Ke1 Re2+ 53. Kd1 Rf2 54. Ke1 Rxf4 55. Rh6
Re4+ 56. Kd1 f4 57. Rf6 Ke3 58. Ke1 d3 59. Ra6 f3 60. Ra2 Rb4 61. Re2+ Kf4 62. Rd2
Re4+ 63. Kf1 Ke3 64. Ke1 Rg4 65. Re2+ Kd4  0-1

[Event "Polofinale MCR junioru 2024"]
[Site "Hotel Fit Fun, Ryžovište 427, 512 46 Harrachov v Krkonoších"]
[Date "2024.11.10"]
[Round "2"]
[Board "21"]
[White "Vlcek, Vojtech"]
[Black "Bohácek, Jan Andrej"]
[Result "0-1"]
[WhiteElo "1845"]
[BlackElo "2118"]
[PlyCount "0"]
[EventDate "2024.11.09"]
[EventRounds "9"]
[EventCountry "CZE"]

1. Nf3 d5 2. b3 c5 3. Bb2 f6 4. e3 e5 5. c4 d4 6. Qc2 Nc6 7. a3 a5 8. Bd3 Nge7 9.
exd4 cxd4 10. Be4 g6 11. O-O Bg7 12. Re1 O-O 13. d3 f5 14. Bxc6 Nxc6 15. Nbd2 g5
16. Nf1 g4 17. N3d2 h5 18. c5 Be6 19. Nc4 h4 20. Nb6 Ra6 21. Bc1 h3 22. g3 Rxb6 23.
cxb6 Qd5 24. f4 gxf3 25. Kf2 Qb5 26. Rb1 Qxb6 27. b4 axb4 28. axb4 e4 29. Qc5 Qxc5
30. bxc5 Ne5 31. Rd1 Ng4+ 32. Ke1 e3 33. Ba3 Ra8 34. Bb2 e2 35. Rd2 Re8  0-1

[Event "Polofinale MCR junioru 2024"]
[Site "Hotel Fit Fun, Ryžovište 427, 512 46 Harrachov v Krkonoších"]
[Date "2024.11.10"]
[Round "2"]
[Board "22"]
[White "Hozda, Max"]
[Black "Martínek, Ondrej"]
[Result "1/2-1/2"]
[WhiteElo "2080"]
[BlackElo "1711"]
[PlyCount "0"]
[EventDate "2024.11.09"]
[EventRounds "9"]
[EventCountry "CZE"]

1. d4 f5 2. c4 Nf6 3. Nc3 e6 4. g3 Be7 5. Bg2 O-O 6. Nf3 d6 7. O-O Nc6 8. b3 Rb8
9. d5 exd5 10. cxd5 Ne5 11. Nd4 a6 12. Qc2 Nh5 13. e3 g5 14. f4 Ng4 15. Nce2 gxf4
16. exf4 Bf6 17. Qd3 Re8 18. Rd1 Qe7 19. Bf3 Qg7 20. Rb1  1/2-1/2

[Event "Polofinale MCR junioru 2024"]
[Site "Hotel Fit Fun, Ryžovište 427, 512 46 Harrachov v Krkonoších"]
[Date "2024.11.10"]
[Round "2"]
[Board "23"]
[White "Nešpurek, Jakub"]
[Black "Lihotský, Lukáš"]
[Result "1-0"]
[WhiteElo "1879"]
[BlackElo "2076"]
[PlyCount "0"]
[EventDate "2024.11.09"]
[EventRounds "9"]
[EventCountry "CZE"]

1. e4 c6 2. Nf3 d5 3. Nc3 Bg4 4. h3 Bxf3 5. Qxf3 e6 6. d3 Bb4 7. Bd2 d4 8. Ne2 Bxd2+
9. Kxd2 Ne7 10. Qg3 Ng6 11. h4 h5 12. f4 Qd6 13. a3 Nd7 14. Qg5 e5 15. Ng3 Ne7 16.
Qxg7 O-O-O 17. Ne2 f5 18. g3 fxe4 19. Bh3 e3+ 20. Kd1 Kb8 21. Bxd7 Qxd7 22. Qxe5+
Ka8 23. Rb1 Nf5 24. b4 Rhg8 25. Rg1 Nxh4 26. gxh4 Rxg1+ 27. Nxg1 Qg4+ 28. Ne2 Qf3
29. Kc1 Qxe2 30. Kb2 a6 31. Rg1 Qd2 32. f5 e2 33. f6 Qc3+ 34. Kb1 Qd2 35. Kb2 Rd5
36. Qe8+ Ka7 37. f7 Qc3+ 38. Kb1 Rf5 39. Qxe2 Rxf7 40. Qxh5 Re7 41. Qc5+ Qxc5 42.
bxc5 Re5 43. Rg5 Re1+ 44. Kb2 a5 45. Rg2 Rh1 46. Rg4 Ka6 47. a4 b5 48. cxb6 c5 49.
Kb3 Kxb6 50. Rg6+ Kc7 51. Rh6 Rh2 52. Rh8 c4+ 53. Kxc4 Rxc2+ 54. Kxd4 Ra2 55. h5
Rxa4+ 56. Kc3 Rh4 57. h6 a4 58. h7 Kb7 59. Kb2 Rh3 60. d4  1-0

[Event "Polofinale MCR junioru 2024"]
[Site "Hotel Fit Fun, Ryžovište 427, 512 46 Harrachov v Krkonoších"]
[Date "2024.11.10"]
[Round "2"]
[Board "24"]
[White "Osina, Jaromír"]
[Black "Švadlenka, Dominik"]
[Result "0-1"]
[WhiteElo "2004"]
[BlackElo "1893"]
[PlyCount "0"]
[EventDate "2024.11.09"]
[EventRounds "9"]
[EventCountry "CZE"]

1. d4 Nf6 2. c4 e6 3. Nc3 Bb4 4. Qc2 c5 5. e3 cxd4 6. exd4 d5 7. a3 Bxc3+ 8. Qxc3
O-O 9. c5 Ne4 10. Qc2 Nc6 11. Nf3 Qa5+ 12. Bd2 Nxd2 13. Qxd2 Qxd2+ 14. Kxd2 f6 15.
b4 a6 16. Kc3 e5 17. b5 axb5 18. Bxb5 Bg4 19. Bxc6 bxc6 20. Nd2 Ra4 21. dxe5 fxe5
22. f3 Bf5 23. Rhe1 Re8 24. Re2 Kf7 25. Kb3 Ra5 26. Rc1 Kf6 27. a4 Rea8 28. Rce1
Rxa4 29. g4 Ra3+ 30. Kb2 Ra2+ 31. Kb3 Bc2+ 32. Kc3 d4+ 33. Kc4 R2a4#  0-1

[Event "Polofinale MCR junioru 2024"]
[Site "Hotel Fit Fun, Ryžovište 427, 512 46 Harrachov v Krkonoších"]
[Date "2024.11.10"]
[Round "2"]
[Board "25"]
[White "Skýpala, Ondrej"]
[Black "Svoboda, Daniel"]
[Result "1/2-1/2"]
[WhiteElo "2232"]
[BlackElo "1865"]
[PlyCount "0"]
[EventDate "2024.11.09"]
[EventRounds "9"]
[EventCountry "CZE"]

1. c4 Nf6 2. g3 g6 3. Bg2 Bg7 4. Nc3 c6 5. Nf3 O-O 6. d4 d5 7. O-O dxc4 8. a4 Nd5
9. e4 Nb4 10. Be3 Bg4 11. Qd2 Nd3 12. Ne2 Bxf3 13. Bxf3 c5 14. Qc3 cxd4 15. Bxd4
Bxd4 16. Nxd4 Qb6 17. Be2 Rd8 18. Bxd3 cxd3 19. Nf3 Na6 20. Rfd1 Rac8 21. Qe5 Rc2
22. Rd2 Rxd2 23. Nxd2 Rc8 24. Ra3 Nb4 25. Qxe7 Rc2 26. Rc3 Rxc3 27. bxc3 Nc6 28.
Qd7 Qa6 29. Kg2 Qxa4 30. Qxd3 a5 31. Qd5 Qd1 32. e5  1/2-1/2

[Event "Polofinale MCR junioru 2024"]
[Site "Hotel Fit Fun, Ryžovište 427, 512 46 Harrachov v Krkonoších"]
[Date "2024.11.10"]
[Round "2"]
[Board "26"]
[White "Mametev, Artem"]
[Black "Urbanský, Štepán"]
[Result "1-0"]
[WhiteElo "2213"]
[BlackElo "1859"]
[PlyCount "0"]
[EventDate "2024.11.09"]
[EventRounds "9"]
[EventCountry "CZE"]

1. e4 c5 2. Nf3 d6 3. d4 cxd4 4. Nxd4 Nf6 5. Nc3 a6 6. Bc4 e6 7. Bb3 b5 8. O-O Be7
9. Qf3 Qb6 10. Be3 Qb7 11. Rfe1 b4 12. Na4 Nbd7 13. Rad1 Ne5 14. Qh3 Nxe4 15. f4
Ng6 16. f5 exf5 17. Nxf5 O-O 18. Bd5  1-0

[Event "Polofinale MCR junioru 2024"]
[Site "Hotel Fit Fun, Ryžovište 427, 512 46 Harrachov v Krkonoších"]
[Date "2024.11.10"]
[Round "2"]
[Board "27"]
[White "Šimunek, Jakub Šimon"]
[Black "Mrázek, Adam"]
[Result "1/2-1/2"]
[WhiteElo "2125"]
[BlackElo "1842"]
[PlyCount "0"]
[EventDate "2024.11.09"]
[EventRounds "9"]
[EventCountry "CZE"]

1. e4 c5 2. Nf3 Nc6 3. Bb5 e6 4. c3 Nf6 5. e5 Nd5 6. O-O Qc7 7. d4 a6 8. Bd3 cxd4
9. cxd4 b5 10. Nc3 Nxc3 11. bxc3 Bb7 12. Bf4 d6 13. Re1 dxe5 14. Nxe5 Nxe5 15. Bxe5
Bd6 16. a4 O-O 17. Bxh7+ Kxh7 18. Qh5+ Kg8 19. Bxg7 Kxg7 20. Qg5+ Kh8 21. Re3 f6
22. Rh3+ Qh7 23. Rxh7+ Kxh7 24. Qh5+ Kg7 25. Re1 Bd5 26. axb5 axb5 27. Qg4+ Kf7 28.
Qh5+ Kg7 29. Qg4+ Kf7 30. Qh5+ Kg7  1/2-1/2

[Event "Polofinale MCR junioru 2024"]
[Site "Hotel Fit Fun, Ryžovište 427, 512 46 Harrachov v Krkonoších"]
[Date "2024.11.10"]
[Round "2"]
[Board "28"]
[White "Pejrimovský, Tadeáš Rubel"]
[Black "Pavliš, Matej"]
[Result "1-0"]
[WhiteElo "1867"]
[BlackElo "2091"]
[PlyCount "0"]
[EventDate "2024.11.09"]
[EventRounds "9"]
[EventCountry "CZE"]

1. e4 c6 2. d4 d5 3. Nd2 dxe4 4. Nxe4 Nf6 5. Nxf6+ exf6 6. Nf3 Bd6 7. h3 O-O 8. Be2
Re8 9. O-O Nd7 10. c3 Nf8 11. Qc2 Be6 12. Be3 Ng6 13. Bd3 Qd7 14. h4 Bg4 15. Nh2
Nxh4 16. Bxh7+ Kf8 17. Rfe1 Bh3 18. Be4 f5 19. Bg5 fxe4 20. Bxh4 Bf5 21. Qe2 Kg8
22. Nf1 Bg4 23. Qd2 Re6 24. Bg3 Rae8 25. d5 Rg6 26. dxc6 Qxc6 27. Bxd6 Rxd6 28. Qf4
Rg6 29. Ng3 Qb6 30. Nxe4 Bd7 31. Qd2 Bc6 32. Ng5 Rf8 33. Ne4 f5 34. Ng5 f4 35. Re5
Qc7 36. Rae1 Qc8 37. Qd3 Qg4 38. f3 Qh5 39. Qc4+  1-0

[Event "Polofinale MCR junioru 2024"]
[Site "Hotel Fit Fun, Ryžovište 427, 512 46 Harrachov v Krkonoších"]
[Date "2024.11.10"]
[Round "2"]
[Board "29"]
[White "Zeman, Vojtech"]
[Black "Slabý, Matej"]
[Result "0-1"]
[WhiteElo "1848"]
[BlackElo "2071"]
[PlyCount "0"]
[EventDate "2024.11.09"]
[EventRounds "9"]
[EventCountry "CZE"]

1. d4 Nf6 2. c4 e6 3. Nf3 Bb4+ 4. Bd2 Bxd2+ 5. Qxd2 d6 6. Nc3 Nbd7 7. g3 b6 8. Bg2
Bb7 9. Qc2 O-O 10. e4 c5 11. d5 exd5 12. cxd5 b5 13. O-O b4 14. Nb1 Re8 15. Nbd2
a5 16. b3 a4 17. Rab1 axb3 18. axb3 Qe7 19. Rfe1 Qf8 20. Nc4 Ng4 21. Nfd2 Nge5 22.
f4 Nxc4 23. Nxc4 Ba6 24. Bh3 Rad8 25. Rbd1 g5 26. e5 Bxc4 27. bxc4 gxf4 28. gxf4
dxe5 29. Bxd7 Rxd7 30. fxe5 Rde7 31. Qb2 Rxe5 32. Rxe5 Qg7+ 33. Qg2 Rxe5 34. Qxg7+
Kxg7 35. d6 Re8 36. Rd5 b3 37. d7 Rd8 38. Rd2 Kf6 39. Kf2 Ke7 40. Rd3 Rxd7 41. Rxb3
Rd2+ 42. Ke3 Rxh2 43. Rb7+ Ke6 44. Rb6+ Ke7 45. Rb7+ Ke6 46. Rb6+ Ke5 47. Rb7 Rh3+
48. Kd2 Kd4 49. Rxf7 Rh2+ 50. Kd1 Kxc4 51. Rf4+ Kb3 52. Rf7 c4 53. Rb7+ Kc3 54. Rc7
h5 55. Rh7 h4 56. Rb7 h3 57. Rh7 Rh1+ 58. Ke2 Kc2 59. Rh4 c3 60. Rb4 h2 61. Rh4 Rd1
 0-1